Từ điển môi trường và phát triển bền vững Anh - Việt và Việt - Anh Khoảng 2.500 thuật ngữ, có giải thích
v.v...
Đã lưu trong:
| Tác giả chính: | |
|---|---|
| Định dạng: | Sách |
| Năm xuất bản: |
H.
Khoa học và kỹ thuật
2001
|
| Chủ đề: | |
| Tags: |
Thêm thẻ
Không có thẻ, Hãy là người đầu tiên gắn thẻ bản ghi này!
|
| LEADER | 02179nam a2200277 4500 | ||
|---|---|---|---|
| 082 | |a 333.703 |b T550đ | ||
| 100 | |a Nguyễn Quang Anh | ||
| 245 | |a Từ điển môi trường và phát triển bền vững Anh - Việt và Việt - Anh |c Nguyễn Quang Anh, Lê Mạnh Chiến, Nguyễn Ngọc Hải... biên soạn |b Khoảng 2.500 thuật ngữ, có giải thích | ||
| 260 | |a H. |b Khoa học và kỹ thuật |c 2001 | ||
| 300 | |a 481 tr. |c 24 cm. | ||
| 520 | |a v.v... | ||
| 653 | |a Môi trường | ||
| 653 | |a Phát triển bền vững | ||
| 653 | |a Tiếng Anh | ||
| 653 | |a Tiếng Việt | ||
| 653 | |a Từ điển | ||
| 942 | |2 ddc |c STK0 | ||
| 999 | |c 3898 |d 3898 | ||
| 952 | |0 0 |1 0 |2 ddc |4 0 |6 333_703000000000000_T550Đ |7 1 |8 300 |9 39589 |a qbu |b qbu |c D4 |d 2014-12-17 |g 96000 |o 333.703 T550đ |p 3062.c1 |r 0000-00-00 |w 2014-12-17 |y STK0 |0 0 |6 333_703000000000000_T550Đ | ||
| 952 | |0 0 |1 0 |2 ddc |4 0 |6 333_703000000000000_T550Đ |7 0 |8 300 |9 39590 |a qbu |b qbu |c D4 |d 2014-12-17 |g 96000 |o 333.703 T550đ |p 3062.c2 |r 0000-00-00 |w 2014-12-17 |y STK0 |0 0 |6 333_703000000000000_T550Đ | ||
| 952 | |0 0 |1 0 |2 ddc |4 0 |6 333_703000000000000_T550Đ |7 0 |8 300 |9 39591 |a qbu |b qbu |c D4 |d 2014-12-17 |g 96000 |o 333.703 T550đ |p 3062.c3 |r 0000-00-00 |w 2014-12-17 |y STK0 |0 0 |6 333_703000000000000_T550Đ | ||
| 952 | |0 0 |1 0 |2 ddc |4 0 |6 333_703000000000000_T550Đ |7 0 |8 300 |9 39592 |a qbu |b qbu |c D4 |d 2014-12-17 |g 96000 |o 333.703 T550đ |p 3062.c4 |r 0000-00-00 |w 2014-12-17 |y STK0 |0 0 |6 333_703000000000000_T550Đ | ||
| 952 | |0 0 |1 0 |2 ddc |4 0 |6 333_703000000000000_T550Đ |7 0 |8 300 |9 39593 |a qbu |b qbu |c D4 |d 2014-12-17 |g 96000 |o 333.703 T550đ |p 3062.c5 |r 0000-00-00 |w 2014-12-17 |y STK0 |0 0 |6 333_703000000000000_T550Đ | ||
| 952 | |0 0 |1 0 |2 ddc |4 0 |6 333_703000000000000_T550Đ |7 0 |8 300 |9 39594 |a qbu |b qbu |c D4 |d 2014-12-17 |g 96000 |o 333.703 T550đ |p 3062.c6 |r 0000-00-00 |w 2014-12-17 |y STK0 |0 0 |6 333_703000000000000_T550Đ | ||
| 952 | |0 0 |1 0 |2 ddc |4 0 |6 333_703000000000000_T550Đ |7 0 |8 300 |9 39595 |a qbu |b qbu |c D4 |d 2014-12-17 |g 96000 |o 333.703 T550đ |p 3062.c7 |r 0000-00-00 |w 2014-12-17 |y STK0 |0 0 |6 333_703000000000000_T550Đ | ||
| 952 | |0 0 |1 0 |2 ddc |4 0 |6 333_703000000000000_T550Đ |7 0 |8 300 |9 39596 |a qbu |b qbu |c D4 |d 2014-12-17 |g 96000 |o 333.703 T550đ |p 3062.c8 |r 0000-00-00 |w 2014-12-17 |y STK0 |0 0 |6 333_703000000000000_T550Đ | ||